El Círcol Cubellenc (1890-1939) : mig segle d'història de Cubelles a través de la seva entitat pionera / Joan Vidal i Urpí mig segle d'història de Cubelles a través de la seva entitat pionera / Joan Vidal i Urpí
Descripción Física:
139 p. : il. ; 24 cm
MARC
| LEADER | 00000nam a2200000Ia 4500 | ||
|---|---|---|---|
| 001 | 18441 | ||
| 008 | 160829s2006 xx 000 0 cat d | ||
| 080 | |a H-3-4 | ||
| 100 | |a Vidal i Urpí, Joan |9 44468 | ||
| 245 | |a El Círcol Cubellenc (1890-1939) : |b mig segle d'història de Cubelles a través de la seva entitat pionera / Joan Vidal i Urpí | ||
| 260 | |a Cubelles : |b Ajuntament de Cubelles, |c 2006 | ||
| 300 | |a 139 p. : |b il. ; |c 24 cm | ||
| 650 | |a Cubelles |x Història local |9 23590 | ||
| 650 | |a Círcol Cubellenc |9 23591 | ||
| 901 | |a Arxiu | ||
| 942 | |n 1 | ||
| 952 | |0 0 |1 0 |4 0 |6 H34 |7 1 |9 42767 |a Arxiu |b Arxiu |d 2016-12-01 |l 0 |o H-3-4 |p 18441 |r 2016-12-01 00:00:00 |w 2016-12-01 |y ARXIU | ||
| 999 | |c 45273 |d 45273 | ||